000 00752nam a2200217 a 4500
005 20210223122836.0
008 991125c1998 mad 000 0 spa u
035 _aUPN01000042669
049 _aCG
050 4 _aQA76.9 D3
_bU7.6
100 1 _aUrman, Scott
245 1 0 _aOracle 8 :
_bprogramación PL/SQL : versiones 7 y 8 /
_cScott Urman.
260 _aMadrid :
_bMcGraw Hill Interamericana :
_bOracle Press,
_c1998.
300 _axxx, 778 p.
440 0 _aBases de datos.
_pProgramación
520 _a"Para cualquier desarrollador de Oracle"
534 _pTraducción de:
_tOracle 8 PL/SQL programming
650 4 _aORACLE (ARCHIVO PARA COMPUTADORA)
_97569
650 4 _aPL/SQL (LENGUAJE DE PROGRAMACION PARA COMPUTADORA)
_97568
905 _aLibro
999 _c42669
_d42669